00703 2200217 4500001002100000005001700021008004100038035002400079082001100103090002100114110004600135245011700181260005200298300002400350650004700374850002100421980001300442985000600455986000900461999001500470YOGYA-0209000004260820090227025900.0 ind  0010-020900000042608 a342.05 a342.05bInd KlR aINDONESIA. Majelis Permusyawaratan Rakyat aKetetapan-ketetapan Majelis Permusyawaratan Rakyat Republik Indonesia maret 1983cMajelis Permusyawaratan Rakyat a[Jakarta]bKorpri Unit Sekretariat Jenderal MPR avii, 163 hlmc24 cm aMajelis Permusyawaratan Rakyat - Ketetapan aYOPDYOG [TRM 29] a2-8-2007 a1 aRuni a07A0025692